<?xml version="1.0" encoding="UTF-8"?>
<record
    xmlns:xsi="http://www.w3.org/2001/XMLSchema-instance"
    xsi:schemaLocation="http://www.loc.gov/MARC21/slim http://www.loc.gov/standards/marcxml/schema/MARC21slim.xsd"
    xmlns="http://www.loc.gov/MARC21/slim">

  <leader>00704nam a22001937a 4500</leader>
  <datafield tag="999" ind1=" " ind2=" ">
    <subfield code="c">180271</subfield>
    <subfield code="d">180271</subfield>
  </datafield>
  <controlfield tag="005">20210804130036.0</controlfield>
  <datafield tag="010" ind1=" " ind2=" ">
    <subfield code="a">UR-11170</subfield>
  </datafield>
  <datafield tag="020" ind1=" " ind2=" ">
    <subfield code="c">250.00</subfield>
    <subfield code="a">9789385849091</subfield>
  </datafield>
  <datafield tag="035" ind1=" " ind2=" ">
    <subfield code="a">U-9725</subfield>
  </datafield>
  <datafield tag="037" ind1=" " ind2=" ">
    <subfield code="b">DBAD/PUB</subfield>
  </datafield>
  <datafield tag="082" ind1=" " ind2=" ">
    <subfield code="a">&#x6A9;</subfield>
  </datafield>
  <datafield tag="100" ind1=" " ind2=" ">
    <subfield code="a">&#x632; &#x631; &#x64A;&#x646;&#x6C1; &#x627; &#x644;&#x645;&#x627; &#x633; </subfield>
  </datafield>
  <datafield tag="245" ind1=" " ind2=" ">
    <subfield code="a">&#x627; &#x634;&#x62A;&#x64A;&#x627; &#x642; &#x633;&#x639;&#x64A;&#x62F; &#x6A9;&#x6D2; &#x627; &#x641;&#x633;&#x627; &#x646;&#x6D2; &#x627; &#x648; &#x631; &#x627; &#x6C1;&#x644; &#x642;&#x644;&#x645; &#x6A9;&#x6D2; &#x62A;&#x62C;&#x632; &#x6D3;</subfield>
    <subfield code="c">&#x632; &#x631; &#x64A;&#x646;&#x6C1; &#x627; &#x644;&#x645;&#x627; &#x633; </subfield>
  </datafield>
  <datafield tag="246" ind1=" " ind2=" ">
    <subfield code="a">Ishtiaqu Sayeed Ke Afsane Aur Ahle Qalam Ke Tajaziye (Urdu)</subfield>
    <subfield code="b">by Zareena Almas</subfield>
  </datafield>
  <datafield tag="260" ind1=" " ind2=" ">
    <subfield code="a">Thane</subfield>
    <subfield code="c">2021 &#x621;</subfield>
    <subfield code="b">News Town  Publishers</subfield>
  </datafield>
  <datafield tag="270" ind1=" " ind2=" ">
    <subfield code="a">B-01,Mira Paradise CHS,Geeta NagarPhase-2Balaji Chowk,Mira Rd.</subfield>
    <subfield code="b">Thane</subfield>
    <subfield code="e">401107</subfield>
    <subfield code="l">-</subfield>
  </datafield>
  <datafield tag="300" ind1=" " ind2=" ">
    <subfield code="a">208 &#x635; </subfield>
    <subfield code="c">22 Cm(Hb)</subfield>
  </datafield>
  <datafield tag="942" ind1=" " ind2=" ">
    <subfield code="2">ddc</subfield>
    <subfield code="c">UR</subfield>
    <subfield code="k">&#x6A9;</subfield>
    <subfield code="m">&#x632; &#x631; &#x64A;</subfield>
  </datafield>
  <datafield tag="952" ind1=" " ind2=" ">
    <subfield code="0">0</subfield>
    <subfield code="1">0</subfield>
    <subfield code="4">0</subfield>
    <subfield code="7">0</subfield>
    <subfield code="8">FIC</subfield>
    <subfield code="a">DBAD</subfield>
    <subfield code="b">L</subfield>
    <subfield code="d">2021-08-04</subfield>
    <subfield code="e">DBAD/PUB</subfield>
    <subfield code="g">250.00</subfield>
    <subfield code="l">0</subfield>
    <subfield code="o">&#x632; &#x631; &#x64A; &#x6A9; </subfield>
    <subfield code="p">U-9725</subfield>
    <subfield code="r">2021-08-04 00:00:00</subfield>
    <subfield code="t">1</subfield>
    <subfield code="v">250.00</subfield>
    <subfield code="y">UR</subfield>
  </datafield>
</record>
